LaTeX for everyone : a reference guide and tutorial for typesetting documents using a computer /
Guardado en:
| Autor Principal: | |
|---|---|
| Formato: | Libro |
| Idioma: | English |
| Publicado: |
Mill Valley, Calif. :
Personal TeX,
1991.
|
| Edición: | 2nd ed. |
| Materias: | |
| Etiquetas: |
Agregar Etiqueta
Sin Etiquetas, Sea el primero en etiquetar este registro!
|
| LEADER | 00786nam a2200229 a 4500 | ||
|---|---|---|---|
| 001 | MAT.inmabb003344 | ||
| 008 | 920304s1991####caua#####b####001#0#eng## | ||
| 005 | 20160426163105.0 | ||
| 245 | 1 | 0 | |a LaTeX for everyone : |b a reference guide and tutorial for typesetting documents using a computer / |c Jane Hahn. |
| 250 | |a 2nd ed. | ||
| 260 | |a Mill Valley, Calif. : |b Personal TeX, |c 1991. | ||
| 300 | |a xi, 346 p. : |b il. ; |c 22 cm. | ||
| 500 | |a Describe la versión 2.09 de LaTeX. | ||
| 504 | |a Incluye referencias bibliográficas (p. 321) e índice. | ||
| 020 | |a 0963104403 | ||
| 100 | 1 | |a Hahn, Jane. | |
| 630 | 0 | 0 | |a LaTeX (Computer file) |
| 650 | 0 | |a Computerized typesetting. | |
| 084 | |a 68U15 |2 msc2000 | ||
| 010 | |a 92125774 | ||
| 040 | |a DLC |c DLC | ||
| 859 | |h 68 |i L351h |p A-7091 |b BIB. MATEMATICA | ||
